[Event "Lindores Abbey Tal Blitz 2021"]
[Site "Riga"]
[Date "2021.11.08"]
[Round "6.54"]
[White "Bivol, Alina"]
[Black "Shuvalova, Polina"]
[Result "0-1"]
[WhiteElo "2377"]
[BlackElo "2515"]
[Annotator "ChessBase"]
[PlyCount "67"]
[EventDate "2021.11.02"]
[EventType "swiss"]
[EventCountry "LAT"]
[SourceTitle "playchess.com"]
[Source "ChessBase"]
[SourceQuality "1"]

1. e4 c6 2. d4 d5 3. exd5 cxd5 4. c4 Nf6 5. Nc3 e6 6. Nf3 Bb4 7. cxd5 Nxd5 8.
Bd2 Nc6 9. Bd3 Be7 10. O-O O-O 11. Re1 Bf6 12. Ne4 Nxd4 13. Nxf6+ Qxf6 14. Nxd4
Qxd4 15. Bc3 Qh4 16. Be5 Bd7 17. Re4 Qh6 18. g3 f5 19. Rh4 Qg5 20. f4 Qe7 21.
Bd4 Bc6 22. Qe2 Rad8 23. Qe5 Nf6 24. Bxf5 Rxd4 25. Bxh7+ Nxh7 26. Qxd4 Rd8 27.
Qe3 Nf6 28. Re1 Kf7 29. g4 Nd5 30. Qf2 Qf6 31. f5 e5 32. Rh5 Nf4 33. g5 Qxf5
34. Rh4 0-1

[Event "Lindores Abbey Tal Blitz 2021"]
[Site "Riga"]
[Date "2021.11.08"]
[Round "6.55"]
[White "Garifullina, Leya"]
[Black "Zhu, Jiner"]
[Result "0-1"]
[WhiteElo "2416"]
[BlackElo "2455"]
[Annotator "ChessBase"]
[PlyCount "103"]
[EventDate "2021.11.02"]
[EventType "swiss"]
[EventCountry "LAT"]
[SourceTitle "playchess.com"]
[Source "ChessBase"]
[SourceQuality "1"]

1. e4 c5 2. Nf3 d6 3. d4 cxd4 4. Nxd4 Nf6 5. Nc3 a6 6. h3 e6 7. g4 Nfd7 8. g5
b5 9. Be3 b4 10. Nce2 Bb7 11. Ng3 d5 12. exd5 Bxd5 13. Rg1 Ne5 14. Be2 Nbc6 15.
Nxc6 Nxc6 16. Bf3 Bxf3 17. Qxf3 Rc8 18. Nh5 Ne5 19. Qe4 Nc4 20. Bd4 Nd6 21. Qd3
Nf5 22. O-O-O Qc7 23. Be3 Be7 24. Kb1 O-O 25. Bc1 Rfd8 26. Qe4 Kh8 27. Ng3 Nxg3
28. Rxd8+ Rxd8 29. fxg3 a5 30. h4 Kg8 31. h5 Qc5 32. Be3 Qd5 33. Qg4 a4 34. h6
b3 35. axb3 axb3 36. Qe2 Ra8 37. hxg7 Qe4 38. Qd3 bxc2+ 39. Kxc2 Rc8+ 40. Kd2
Rd8 41. Qxd8+ Bxd8 42. Rc1 Ba5+ 43. Ke2 Bb6 44. Rc8+ Kxg7 45. Rc3 Bxe3 46. Rxe3
Qc2+ 47. Kf3 Qxb2 48. Kg4 Qd4+ 49. Kf3 Kg6 50. Re4 Qxe4+ 51. Kxe4 Kxg5 52. Kd4
0-1

[Event "Lindores Abbey Tal Blitz 2021"]
[Site "Riga"]
[Date "2021.11.08"]
[Round "6.56"]
[White "Assaubayeva, Bibisara"]
[Black "Vantika Agrawal"]
[Result "1-0"]
[WhiteElo "2400"]
[BlackElo "2329"]
[Annotator "NA"]
[PlyCount "143"]
[EventDate "2021.11.02"]
[EventType "swiss"]
[EventCountry "LAT"]
[SourceTitle "playchess.com"]
[Source "ChessBase"]
[SourceQuality "1"]

1. d4 Nf6 2. c4 g6 3. Nc3 Bg7 4. e4 d6 5. Be2 O-O 6. Be3 Nbd7 7. h4 c5 8. d5 b5
9. cxb5 a6 10. a4 Qa5 11. Bd2 axb5 12. Bxb5 Ba6 13. Nge2 Bxb5 14. Nxb5 Qb6 15.
Nec3 Ne5 16. Qe2 c4 17. O-O Rfc8 18. Be3 Qa5 19. Bd4 Nfd7 20. f4 Nd3 21. Bxg7
Kxg7 22. b3 Qb4 23. Rab1 N7c5 24. bxc4 Qxc4 25. Rf3 Rcb8 26. Rd1 Rxa4 27. Rfxd3
Nxd3 28. Qxd3 Qxd3 29. Rxd3 Rb4 30. Nd4 Rc4 31. Nce2 Rb1+ 32. Kh2 Rb2 33. Kg3
h5 34. Kf3 Kf6 35. g3 e6 36. dxe6 fxe6 37. Ke3 e5 38. Nf3 Rc6 39. Rxd6+ Rxd6
40. fxe5+ Ke6 41. Nf4+ Kd7 42. exd6 Rb3+ 43. Nd3 Kxd6 44. Nfe5 Ke6 45. Nxg6 Kf6
46. Ngf4 Ke7 47. Nxh5 Ke6 48. Nhf4+ Kf6 49. g4 Rb1 50. g5+ Kg7 51. h5 Rg1 52.
g6 Rg3+ 53. Kd4 Rg4 54. Ke5 Rg5+ 55. Ke6 Rg3 56. Kf5 Re3 57. Nc5 Re1 58. Nce6+
Kh6 59. Ng5 Rf1 60. Nf7+ Kg7 61. h6+ Kf8 62. h7 Rh1 63. Kf6 Rh4 64. g7+ Ke8 65.
g8=Q+ Kd7 66. Ng6 Rh1 67. Nge5+ Kc7 68. Qd8+ Kb7 69. Nd6+ Ka7 70. Qc7+ Ka6 71.
Qb7+ Ka5 72. Qb5# 1-0

[Event "Lindores Abbey Tal Blitz 2021"]
[Site "Riga"]
[Date "2021.11.08"]
[Round "6.57"]
[White "Neiksans, Arturs"]
[Black "Eizaguerri Floris, Maria"]
[Result "1-0"]
[WhiteElo "2575"]
[BlackElo "2328"]
[Annotator "ChessBase"]
[PlyCount "135"]
[EventDate "2021.11.02"]
[EventType "swiss"]
[EventCountry "LAT"]
[SourceTitle "playchess.com"]
[Source "ChessBase"]
[SourceQuality "1"]

1. e4 c5 2. Nf3 e6 3. g3 d5 4. exd5 exd5 5. d4 Nc6 6. Bg2 Nf6 7. O-O Bg4 8. h3
Bxf3 9. Qxf3 Nxd4 10. Qd3 Be7 11. Nc3 h6 12. Be3 Nc6 13. Nxd5 Nxd5 14. Qxd5 O-O
15. Qxd8 Rfxd8 16. c3 Rac8 17. Rad1 Bf8 18. f4 Re8 19. Kf2 Rc7 20. Rfe1 Rd8 21.
g4 g6 22. f5 Kg7 23. Rxd8 Nxd8 24. Bf4 Rd7 25. Re8 Be7 26. Be4 g5 27. Be3 f6
28. Kf3 Nf7 29. Rb8 Ne5+ 30. Ke2 b6 31. b3 c4 32. b4 Bd6 33. Ra8 Nf7 34. Rc8
Ne5 35. Bd4 Re7 36. Ke3 b5 37. Rd8 Nf7 38. Ra8 Bf4+ 39. Kf3 Nd6 40. Rxa7 Rxa7
41. Bxa7 Bd2 42. Bd4 Kf7 43. Bc6 Ke7 44. a4 bxa4 45. Bxa4 Nc8 46. Bb5 Nd6 47.
Bc6 Nc8 48. Bd5 Nd6 49. Ke2 Bc1 50. Kd1 Bf4 51. Bc5 Kd7 52. Bxd6 Kxd6 53. Bxc4
Be3 54. Ke2 Bb6 55. Be6 Ke5 56. c4 Kf4 57. c5 Bd8 58. b5 Ke4 59. b6 Kd4 60. b7
Bc7 61. c6 Kc5 62. Bd7 Kd4 63. Kd2 Bb8 64. Kc2 Kc4 65. Be6+ Kd4 66. Kb3 Kc5 67.
Bd7 Kb5 68. c7+ 1-0

[Event "Lindores Abbey Tal Blitz 2021"]
[Site "Riga"]
[Date "2021.11.08"]
[Round "6.58"]
[White "Batsiashvili, Nino"]
[Black "Atalik, Ekaterina"]
[Result "1-0"]
[WhiteElo "2491"]
[BlackElo "2430"]
[Annotator "ChessBase"]
[PlyCount "76"]
[EventDate "2021.11.02"]
[EventType "swiss"]
[EventCountry "LAT"]
[SourceTitle "playchess.com"]
[Source "ChessBase"]
[SourceQuality "1"]

1. d4 d5 2. c4 c6 3. Nf3 e6 4. g3 dxc4 5. Bg2 Nd7 6. a4 Ngf6 7. O-O Bb4 8. Na3
Bxa3 9. Rxa3 O-O 10. Nd2 e5 11. Nxc4 exd4 12. Qxd4 Nb6 13. Nd6 Be6 14. e4 Nc4
15. Rd3 Nxd6 16. Qxd6 Bc4 17. Qxd8 Rfxd8 18. Rxd8+ Rxd8 19. Re1 a5 20. Be3 Bb3
21. Ra1 Ng4 22. Bf4 f6 23. h3 Ne5 24. Bf1 Kf7 25. Be3 Rd1 26. Rxd1 Bxd1 27. Bb6
Bxa4 28. Bxa5 Bb5 29. Bxb5 cxb5 30. Bc3 Nd3 31. Kf1 b4 32. Bd4 Ke6 33. Ke2 Nc1+
34. Ke3 Nb3 35. Bb6 Na1 36. Kd3 b3 37. Kc3 Ke5 38. f3 Nc2 1-0

[Event "Lindores Abbey Tal Blitz 2021"]
[Site "Riga"]
[Date "2021.11.08"]
[Round "6.59"]
[White "Maltsevskaya, Aleksandra"]
[Black "Zawadzka, Jolanta"]
[Result "1-0"]
[WhiteElo "2411"]
[BlackElo "2429"]
[Annotator "NA"]
[PlyCount "99"]
[EventDate "2021.11.02"]
[EventType "swiss"]
[EventCountry "LAT"]
[SourceTitle "playchess.com"]
[Source "ChessBase"]
[SourceQuality "1"]

1. e4 c5 2. Nf3 e6 3. d4 cxd4 4. Nxd4 Nc6 5. Nc3 Qc7 6. f4 Nxd4 7. Qxd4 a6 8.
Be3 b5 9. a3 Bb7 10. O-O-O Rc8 11. Kb1 Nf6 12. Bd3 Bxa3 13. Nxb5 axb5 14. bxa3
O-O 15. Qb4 Ra8 16. Qc5 Qa5 17. Bd2 Qa4 18. Bb4 Nxe4 19. Qd4 Nf6 20. Rhe1 Rfc8
21. Re3 Bd5 22. Rg3 Kh8 23. Qb2 Qa6 24. Bc3 Rxc3 25. Qxc3 Qd6 26. Qb4 Qc7 27.
Re3 Kg8 28. g3 Bc6 29. h3 Nd5 30. Qc5 Nxe3 31. Qxe3 Bd5 32. g4 g6 33. Kb2 Qa5
34. Qc5 Qd8 35. f5 Qf6+ 36. Kb1 Qe5 37. Qb4 Rc8 38. fxg6 hxg6 39. h4 Bf3 40.
Re1 Qg3 41. h5 Qxg4 42. Qe7 Qg3 43. Rf1 Rf8 44. hxg6 fxg6 45. Qxd7 Bd5 46. Rd1
Qf3 47. Rg1 Be4 48. Qxe6+ Kg7 49. Bxe4 Qf2 50. Qxg6+ 1-0

[Event "Lindores Abbey Tal Blitz 2021"]
[Site "Riga"]
[Date "2021.11.08"]
[Round "6.60"]
[White "Martynov, Aleksandr"]
[Black "Girya, Olga"]
[Result "0-1"]
[WhiteElo "1648"]
[BlackElo "2402"]
[Annotator "ChessBase"]
[PlyCount "46"]
[EventDate "2021.11.02"]
[EventType "swiss"]
[EventCountry "LAT"]
[SourceTitle "playchess.com"]
[Source "ChessBase"]
[SourceQuality "1"]

1. d4 Nf6 2. Nf3 d5 3. c4 e6 4. Nc3 Bb4 5. Qc2 c5 6. e3 cxd4 7. Nxd4 O-O 8. a3
Be7 9. cxd5 Nxd5 10. Bd3 Nxc3 11. Qxc3 Bf6 12. Be4 Nc6 13. Bxc6 bxc6 14. O-O
Bb7 15. b4 Rc8 16. Rd1 c5 17. bxc5 Qd5 18. f3 e5 19. e4 exd4 20. Qb4 Qc6 21.
Bf4 Be7 22. Rac1 Ba6 23. Bd6 Bxd6 0-1

[Event "Lindores Abbey Tal Blitz 2021"]
[Site "Riga"]
[Date "2021.11.08"]
[Round "7.1"]
[White "Mamedov, Rauf"]
[Black "Erigaisi Arjun"]
[Result "0-1"]
[WhiteElo "2673"]
[BlackElo "2627"]
[Annotator "ChessBase"]
[PlyCount "84"]
[EventDate "2021.11.02"]
[EventType "swiss"]
[EventCountry "LAT"]
[SourceTitle "playchess.com"]
[Source "ChessBase"]
[SourceQuality "1"]

1. e4 e5 2. Nf3 Nf6 3. d4 Nxe4 4. Bd3 d5 5. Nxe5 Nd7 6. Nc3 Nxe5 7. dxe5 Bb4 8.
O-O Nxc3 9. bxc3 Bxc3 10. Ba3 Bxa1 11. Qxa1 Be6 12. f4 g6 13. Qb2 Rc8 14. Qxb7
c5 15. Qxa7 Qc7 16. Qa4+ Bd7 17. Bb5 Bxb5 18. Qxb5+ Qc6 19. Qxc6+ Rxc6 20. Rd1
d4 21. c3 dxc3 22. Rc1 Kd7 23. Rxc3 c4 24. Bb4 Ke6 25. Kf2 Rd8 26. Ke2 Rd4 27.
g3 g5 28. fxg5 Re4+ 29. Kd2 Rxe5 30. h4 Rd5+ 31. Kc2 Rf5 32. Re3+ Kd5 33. Re2
Re6 34. Rd2+ Kc6 35. a4 Rf3 36. Rd4 Re2+ 37. Bd2 Kc5 38. Rd8 c3 39. Rc8+ Kb4
40. Rb8+ Kxa4 41. Ra8+ Kb5 42. Rb8+ Ka6 0-1

[Event "Lindores Abbey Tal Blitz 2021"]
[Site "Riga"]
[Date "2021.11.08"]
[Round "7.2"]
[White "Dubov, Daniil"]
[Black "Caruana, Fabiano"]
[Result "0-1"]
[WhiteElo "2714"]
[BlackElo "2791"]
[Annotator "TA"]
[PlyCount "80"]
[EventDate "2021.11.02"]
[EventType "swiss"]
[EventCountry "LAT"]
[SourceTitle "playchess.com"]
[Source "ChessBase"]
[SourceQuality "1"]

1. d4 Nf6 2. Nf3 d5 3. c4 e6 4. g3 Bb4+ 5. Nc3 O-O 6. Bg2 dxc4 7. O-O Nc6 8.
Qa4 Nd5 9. Qc2 Be7 10. Rd1 Rb8 11. e4 Ndb4 12. Qe2 Nd3 13. Be3 b5 14. b3 Ba6
15. d5 exd5 16. exd5 Bf6 17. dxc6 Bxc3 18. Rab1 Qf6 19. Ng5 Bd4 20. Qh5 h6 21.
Ne4 Qe5 22. Qxe5 Bxe5 23. f4 Bf6 24. Bxa7 Rbd8 25. Bf1 Rfe8 26. Nxf6+ gxf6 27.
Rd2 Bc8 28. bxc4 bxc4 29. Rc2 Be6 30. Rb7 Bd5 31. Bf2 Re7 32. Rb1 Ra8 33. Rd1
Nb4 34. Bc5 Nxc2 35. Bxe7 Ne3 36. Rd4 Rxa2 37. Bh3 c3 38. Bb4 c2 39. Bd2 Nc4
40. Bc1 Ra1 0-1

[Event "Lindores Abbey Tal Blitz 2021"]
[Site "Riga"]
[Date "2021.11.08"]
[Round "7.3"]
[White "Martirosyan, Haik M."]
[Black "Gelfand, Boris"]
[Result "1-0"]
[WhiteElo "2624"]
[BlackElo "2674"]
[Annotator "ChessBase"]
[PlyCount "91"]
[EventDate "2021.11.02"]
[EventType "swiss"]
[EventCountry "LAT"]
[SourceTitle "playchess.com"]
[Source "ChessBase"]
[SourceQuality "1"]

1. d4 Nf6 2. c4 e6 3. Nf3 d5 4. Nc3 c6 5. Bg5 h6 6. Bxf6 Qxf6 7. e3 g6 8. Bd3
dxc4 9. Bxc4 Nd7 10. O-O Bg7 11. Ne4 Qe7 12. Qc2 O-O 13. Bb3 e5 14. Ng3 Kh8 15.
Rfd1 f5 16. Rac1 e4 17. Nd2 Nb6 18. Qc5 Qxc5 19. Rxc5 Nd7 20. Rc2 Nb6 21. Ne2
a5 22. a3 Kh7 23. Nf4 Rf6 24. h4 Bd7 25. g4 Rd6 26. Kg2 Bf6 27. Rh1 Be7 28. h5
g5 29. Ng6 Bf6 30. Ne5 Bc8 31. Bf7 Kg7 32. Bg6 Bxe5 33. dxe5 Rxg6 34. hxg6 fxg4
35. Rc3 Nd5 36. Rc4 Nb6 37. Rd4 Be6 38. Kg3 Bd5 39. Rc1 Nd7 40. Rxd5 cxd5 41.
Rc7 Kxg6 42. Rxd7 Kf5 43. Rxd5 Rc8 44. Nb3 h5 45. Nd4+ Kg6 46. e6 1-0

[Event "Lindores Abbey Tal Blitz 2021"]
[Site "Riga"]
[Date "2021.11.08"]
[Round "7.4"]
[White "Deac, Bogdan-Daniel"]
[Black "Paravyan, David"]
[Result "1-0"]
[WhiteElo "2651"]
[BlackElo "2642"]
[Annotator "ChessBase"]
[PlyCount "67"]
[EventDate "2021.11.02"]
[EventType "swiss"]
[EventCountry "LAT"]
[SourceTitle "playchess.com"]
[Source "ChessBase"]
[SourceQuality "1"]

1. e4 e5 2. Nf3 Nc6 3. Bb5 f5 4. Nc3 fxe4 5. Nxe4 Nf6 6. Nxf6+ Qxf6 7. Qe2 Be7
8. Bxc6 bxc6 9. Nxe5 Bb7 10. d4 O-O-O 11. Be3 c5 12. O-O-O Qe6 13. Qc4 Qxc4 14.
Nxc4 Bxg2 15. Rhg1 Bf3 16. Rd2 Bd5 17. b3 g6 18. dxc5 Bxc4 19. bxc4 Kb7 20. Rd3
Rhf8 21. Rgd1 Kc6 22. Ra3 Bxc5 23. Bxc5 Kxc5 24. Rxa7 Kb6 25. Ra3 Rxf2 26. Rh3
Re8 27. Rxd7 Ree2 28. Rc3 Rxh2 29. a4 c6 30. c5+ Ka6 31. Rd6 Kb7 32. Rd7+ Ka6
33. Rc7 Re6 34. Rb3 1-0

[Event "Lindores Abbey Tal Blitz 2021"]
[Site "Riga"]
[Date "2021.11.08"]
[Round "7.5"]
[White "Niemann, Hans Moke"]
[Black "Xiong, Jeffery"]
[Result "0-1"]
[WhiteElo "2635"]
[BlackElo "2687"]
[Annotator "ChessBase"]
[PlyCount "48"]
[EventDate "2021.11.02"]
[EventType "swiss"]
[EventCountry "LAT"]
[SourceTitle "playchess.com"]
[Source "ChessBase"]
[SourceQuality "1"]

1. c4 e5 2. g3 Be7 3. Bg2 f5 4. Nc3 Nf6 5. d4 d6 6. e3 O-O 7. Nge2 c6 8. b3 Qe8
9. Ba3 a5 10. O-O Na6 11. Na4 Be6 12. Nb6 Rd8 13. d5 Bf7 14. Qd2 Bh5 15. dxc6
bxc6 16. Qxa5 Bxe2 17. Rfe1 Qh5 18. Qxa6 f4 19. exf4 exf4 20. Qb7 fxg3 21. fxg3
Ng4 22. h3 Bf6 23. Qxc6 Bd4+ 24. Kh1 Bf3 0-1

[Event "Lindores Abbey Tal Blitz 2021"]
[Site "Riga"]
[Date "2021.11.08"]
[Round "7.6"]
[White "Svidler, Peter"]
[Black "Anton Guijarro, David"]
[Result "1-0"]
[WhiteElo "2694"]
[BlackElo "2669"]
[Annotator "ChessBase"]
[PlyCount "93"]
[EventDate "2021.11.02"]
[EventType "swiss"]
[EventCountry "LAT"]
[SourceTitle "playchess.com"]
[Source "ChessBase"]
[SourceQuality "1"]

1. e4 c6 2. d4 d5 3. e5 Bf5 4. Nd2 e6 5. Nb3 Nd7 6. Nf3 Ne7 7. Be2 Nc8 8. O-O
Be7 9. a4 a5 10. Bd2 O-O 11. Nc1 c5 12. c3 Na7 13. Bd3 Bxd3 14. Nxd3 Nc6 15.
Be3 cxd4 16. cxd4 Qb6 17. Qe2 Rfc8 18. Rfc1 Qa6 19. Qd1 b5 20. Rc3 Nb6 21. axb5
Qxb5 22. b3 Nb4 23. Rxc8+ Rxc8 24. Nxb4 Bxb4 25. h4 h6 26. Rc1 Rc6 27. g4 a4
28. Rxc6 Qxc6 29. bxa4 Qxa4 30. Qb1 Nc4 31. g5 Na3 32. Qc1 hxg5 33. Qc8+ Bf8
34. Bxg5 Qc2 35. Qd8 Qe4 36. Nh2 Qb1+ 37. Kg2 Qe4+ 38. f3 Qc2+ 39. Kg3 Qg6 40.
Ng4 Qb1 41. Be7 Qg1+ 42. Kh3 Qf1+ 43. Kg3 Qe1+ 44. Kg2 Qd2+ 45. Kh3 Nc4 46.
Qxf8+ Kh7 47. Qxf7 1-0

[Event "Lindores Abbey Tal Blitz 2021"]
[Site "Riga"]
[Date "2021.11.08"]
[Round "7.7"]
[White "Dreev, Aleksey"]
[Black "Pichot, Alan"]
[Result "1/2-1/2"]
[WhiteElo "2635"]
[BlackElo "2630"]
[Annotator "ChessBase"]
[PlyCount "58"]
[EventDate "2021.11.02"]
[EventType "swiss"]
[EventCountry "LAT"]
[SourceTitle "playchess.com"]
[Source "ChessBase"]
[SourceQuality "1"]

1. d4 Nf6 2. Nf3 d5 3. c4 e6 4. e3 a6 5. b3 c5 6. cxd5 exd5 7. Bb2 Nc6 8. Be2
Be7 9. dxc5 Bxc5 10. O-O O-O 11. Nc3 Ba7 12. Rc1 Re8 13. Na4 Ne4 14. Nd4 Ne5
15. Nc3 Nf6 16. Qc2 Bd7 17. Rcd1 Rc8 18. Qb1 Qa5 19. Qa1 Qc7 20. h3 Bb8 21. f4
Nc6 22. Bf3 Nxd4 23. Rxd4 Rxe3 24. Nxd5 Nxd5 25. Bxd5 Ba7 26. Kh2 Bxd4 27. Bxd4
Rd3 28. Be4 Rxd4 29. Qxd4 Bc6 1/2-1/2

[Event "Lindores Abbey Tal Blitz 2021"]
[Site "Riga"]
[Date "2021.11.08"]
[Round "7.8"]
[White "Korobov, Anton"]
[Black "Predke, Alexandr"]
[Result "1/2-1/2"]
[WhiteElo "2684"]
[BlackElo "2668"]
[Annotator "ChessBase"]
[PlyCount "75"]
[EventDate "2021.11.02"]
[EventType "swiss"]
[EventCountry "LAT"]
[SourceTitle "playchess.com"]
[Source "ChessBase"]
[SourceQuality "1"]

1. d4 Nf6 2. c4 e6 3. Nf3 d5 4. Nc3 Bb4 5. Qa4+ Nc6 6. e3 O-O 7. Qc2 Re8 8. Bd2
Bf8 9. Rd1 a6 10. a3 h6 11. h3 e5 12. dxe5 Nxe5 13. cxd5 Nxf3+ 14. gxf3 Nxd5
15. Rg1 c6 16. Nxd5 Qxd5 17. Rg3 Be6 18. Bc3 Qb3 19. Qxb3 Bxb3 20. Rd7 b5 21.
f4 Be6 22. Rc7 Rec8 23. Rxc8 Rxc8 24. Bd3 f5 25. e4 fxe4 26. Bxe4 Bf7 27. Be5
a5 28. f5 Re8 29. f4 Bd5 30. Bxd5+ cxd5 31. f6 a4 32. fxg7 Bd6 33. Kd2 Bxe5 34.
fxe5 Rxe5 35. Kc3 Re4 36. Rg6 Rc4+ 37. Kd3 b4 38. Rxh6 1/2-1/2

[Event "Lindores Abbey Tal Blitz 2021"]
[Site "Riga"]
[Date "2021.11.08"]
[Round "7.9"]
[White "Kovalenko, Igor"]
[Black "Aronian, Levon"]
[Result "1/2-1/2"]
[WhiteElo "2668"]
[BlackElo "2782"]
[Annotator "TA"]
[PlyCount "148"]
[EventDate "2021.11.02"]
[EventType "swiss"]
[EventCountry "LAT"]
[SourceTitle "playchess.com"]
[Source "ChessBase"]
[SourceQuality "1"]

1. e4 e5 2. Nf3 Nc6 3. Bb5 a6 4. Ba4 Nf6 5. d4 exd4 6. O-O Be7 7. e5 Ne4 8.
Nxd4 Nxd4 9. Qxd4 Nc5 10. Bb3 O-O 11. Nc3 d6 12. Bf4 dxe5 13. Qxe5 Bd6 14. Qd4
Nxb3 15. cxb3 Bxf4 16. Qxf4 Be6 17. Rac1 c6 18. Rfe1 Rc8 19. Na4 Rc7 20. Nc5
Bd5 21. Re3 a5 22. Rce1 b6 23. Na4 Rd7 24. h4 h6 25. Rg3 Kh7 26. Nxb6 Rd6 27.
Na4 g6 28. Nc3 Rf6 29. Qd4 Rf5 30. Rge3 Qf6 31. Qxf6 Rxf6 32. Re7 Rd8 33. Ra7
Be6 34. Rxa5 Rf4 35. Ra4 Rf5 36. Rae4 Kg7 37. f3 h5 38. Kf2 g5 39. hxg5 Rxg5
40. R1e2 Rg6 41. Rh4 Rg5 42. b4 Bf5 43. Rc4 Rd6 44. Rc5 Rdg6 45. g3 Be6 46.
Rxg5 Rxg5 47. f4 Rg4 48. Re5 h4 49. Rg5+ Rxg5 50. fxg5 h3 51. a4 Kg6 52. a5 Bc4
53. Kg1 Kxg5 54. Kh2 Kf5 55. Kxh3 Ke5 56. Kg4 Kd4 57. Kf5 Ba6 58. Kf6 Kc4 59.
Kxf7 Kxb4 60. Ke6 Kxa5 61. Ne4 Kb4 62. Nd2 c5 63. Ke5 Be2 64. Ke4 Bd1 65. Kd3
Bg4 66. Ke3 Bf5 67. Kf4 Bc2 68. Ke5 Bd1 69. Ke4 Bg4 70. Ke3 Bf5 71. Kf4 Be6 72.
g4 Bxg4 73. Kxg4 c4 74. Nxc4 Kxc4 1/2-1/2

[Event "Lindores Abbey Tal Blitz 2021"]
[Site "Riga"]
[Date "2021.11.08"]
[Round "7.11"]
[White "Onyshchuk, Volodymyr"]
[Black "Swiercz, Dariusz"]
[Result "1-0"]
[WhiteElo "2622"]
[BlackElo "2647"]
[Annotator "ChessBase"]
[PlyCount "115"]
[EventDate "2021.11.02"]
[EventType "swiss"]
[EventCountry "LAT"]
[SourceTitle "playchess.com"]
[Source "ChessBase"]
[SourceQuality "1"]

1. e4 e5 2. Nf3 Nc6 3. Bc4 Bc5 4. d3 Nf6 5. c3 d6 6. Nbd2 O-O 7. O-O a6 8. Bb3
Be6 9. Bc2 h6 10. h3 d5 11. exd5 Bxd5 12. Re1 Re8 13. Ne4 Nxe4 14. dxe4 Bc4 15.
Nd2 Be6 16. Qe2 Qf6 17. b4 Ba7 18. a4 Ne7 19. Qf3 Qh4 20. Nf1 Ng6 21. Ng3 Nf4
22. Nf5 Qf6 23. Bxf4 Bxf5 24. Bc1 Be6 25. Qxf6 gxf6 26. Bxh6 a5 27. Rad1 axb4
28. cxb4 Bd4 29. Be3 Bc3 30. Bd2 Bd4 31. a5 Kg7 32. h4 Bg4 33. Rb1 Be6 34. Be3
Bc3 35. Rec1 Ba2 36. Ba4 Rec8 37. Rxc3 Bxb1 38. Bd7 Rd8 39. Rxc7 Bxe4 40. Bb6
Rh8 41. f3 Bd5 42. Bf2 Rhd8 43. Bf5 Bc6 44. Be3 Rd1+ 45. Kf2 Rh8 46. a6 Bb5 47.
a7 Ra1 48. Rxb7 Bc4 49. b5 Rxh4 50. b6 Rh5 51. Be4 f5 52. Rc7 Bb5 53. a8=Q Rf1+
54. Kg3 f4+ 55. Bxf4 exf4+ 56. Kxf4 Rh6 57. Qd8 Rf6+ 58. Kg3 1-0

[Event "Lindores Abbey Tal Blitz 2021"]
[Site "Riga"]
[Date "2021.11.08"]
[Round "7.12"]
[White "Sevian, Samuel"]
[Black "Maghsoodloo, Parham"]
[Result "0-1"]
[WhiteElo "2668"]
[BlackElo "2706"]
[Annotator "TA"]
[PlyCount "106"]
[EventDate "2021.11.02"]
[EventType "swiss"]
[EventCountry "LAT"]
[SourceTitle "playchess.com"]
[Source "ChessBase"]
[SourceQuality "1"]

1. e4 c5 2. Nf3 Nc6 3. d4 cxd4 4. Nxd4 e5 5. Nb5 d6 6. N1c3 a6 7. Na3 Be6 8.
Nc4 b5 9. Ne3 Nf6 10. Bd3 g6 11. a4 b4 12. Ncd5 Bg7 13. Bd2 Bxd5 14. exd5 Ne7
15. Bxb4 Nexd5 16. Nxd5 Nxd5 17. Ba3 Nf4 18. Bf1 O-O 19. g3 Ne6 20. Bg2 Rc8 21.
O-O Nc5 22. Bd5 e4 23. c3 Kh8 24. Bxc5 Rxc5 25. Bxe4 d5 26. Bd3 a5 27. Re1 Qb6
28. Bb5 d4 29. c4 d3 30. Qxd3 Rd8 31. Qe4 Bxb2 32. Rad1 Rxd1 33. Rxd1 Rf5 34.
Rd2 Bc3 35. Re2 Bd4 36. Kg2 Bxf2 37. Bd7 Rf6 38. Rd2 Bc5 39. Qe5 Kg7 40. Bg4
Qb1 41. Qe2 Qg1+ 42. Kh3 h5 43. Bf3 Re6 44. Qd3 Re3 45. Qd5 Qe1 46. Re2 Qf1+
47. Rg2 Rxf3 48. Qxc5 Rf5 49. Qd4+ Kh7 50. Qe4 Kh6 51. c5 g5 52. c6 Rc5 53. c7
g4+ 0-1

[Event "Lindores Abbey Tal Blitz 2021"]
[Site "Riga"]
[Date "2021.11.08"]
[Round "7.13"]
[White "Van Foreest, Jorden"]
[Black "Nihal Sarin"]
[Result "1/2-1/2"]
[WhiteElo "2701"]
[BlackElo "2650"]
[Annotator "TA"]
[PlyCount "64"]
[EventDate "2021.11.02"]
[EventType "swiss"]
[EventCountry "LAT"]
[SourceTitle "playchess.com"]
[Source "ChessBase"]
[SourceQuality "1"]

1. e4 e5 2. Nf3 Nc6 3. Bb5 a6 4. Ba4 Nf6 5. O-O Be7 6. d3 b5 7. Bb3 d6 8. c3
O-O 9. h3 Na5 10. Bc2 c5 11. d4 cxd4 12. cxd4 Nc6 13. Nc3 exd4 14. Nxd4 Bd7 15.
Bf4 Rc8 16. Nf3 Be6 17. Nd5 Ne5 18. Bb3 Nxe4 19. Nxe5 dxe5 20. Bxe5 Rc5 21.
Nxe7+ Qxe7 22. Bd4 Rg5 23. Be3 Rg6 24. Bxe6 Qxe6 25. Qf3 Ng5 26. Bxg5 Rxg5 27.
Rfe1 Re5 28. Qc3 Rxe1+ 29. Qxe1 Qf6 30. Qb4 g6 31. a4 bxa4 32. Qxa4 Qxb2
1/2-1/2

[Event "Lindores Abbey Tal Blitz 2021"]
[Site "Riga"]
[Date "2021.11.08"]
[Round "7.14"]
[White "Demchenko, Anton"]
[Black "Howell, David W L"]
[Result "0-1"]
[WhiteElo "2655"]
[BlackElo "2648"]
[Annotator "ChessBase"]
[PlyCount "88"]
[EventDate "2021.11.02"]
[EventType "swiss"]
[EventCountry "LAT"]
[SourceTitle "playchess.com"]
[Source "ChessBase"]
[SourceQuality "1"]

1. e4 c6 2. d4 d5 3. Nd2 g6 4. Ngf3 Bg7 5. Bd3 dxe4 6. Nxe4 Nf6 7. Qe2 O-O 8.
O-O a5 9. Rd1 Na6 10. c3 Re8 11. a4 Bf5 12. Ng3 Bxd3 13. Rxd3 Nc7 14. Bd2 Ncd5
15. b3 Qc7 16. Ne5 Nd7 17. f4 Nxe5 18. fxe5 c5 19. Rf1 Rf8 20. h4 cxd4 21. cxd4
Qc2 22. h5 b6 23. Rdf3 Rad8 24. Qf2 f5 25. exf6 Rxf6 26. h6 Rxf3 27. Qxf3 Bxd4+
28. Kh1 Bf6 29. Ne4 Rf8 30. Ng5 Qc6 31. Rc1 Qd7 32. Ne4 Bb2 33. Qe2 Bxc1 34.
Bxc1 Qf5 35. Ng3 Qf6 36. Qe4 e6 37. Bd2 Rf7 38. Qc4 Rc7 39. Qe4 Kf7 40. Kh2 Ke8
41. Qg4 Kd7 42. Bg5 Qe5 43. Bh4 Rc3 44. Qd1 Qf4 0-1

[Event "Lindores Abbey Tal Blitz 2021"]
[Site "Riga"]
[Date "2021.11.08"]
[Round "7.15"]
[White "Kravtsiv, Martyn"]
[Black "Shevchenko, Kirill"]
[Result "1-0"]
[WhiteElo "2616"]
[BlackElo "2647"]
[Annotator "ChessBase"]
[PlyCount "141"]
[EventDate "2021.11.02"]
[EventType "swiss"]
[EventCountry "LAT"]
[SourceTitle "playchess.com"]
[Source "ChessBase"]
[SourceQuality "1"]

1. e4 c5 2. Nf3 Nc6 3. d4 cxd4 4. Nxd4 Nf6 5. Nc3 d6 6. g3 g6 7. Bg2 Nxd4 8.
Qxd4 Bg7 9. Bg5 O-O 10. Qd2 Be6 11. O-O Rc8 12. Rfe1 Qa5 13. Rad1 Rfd8 14. Nd5
Qxd2 15. Rxd2 Bxd5 16. exd5 Rc7 17. a4 Kf8 18. c3 Rc4 19. Ra1 Nd7 20. Bf1 Rc7
21. Be3 Nc5 22. Ra3 a5 23. Bb5 Rcc8 24. Re2 h5 25. Ra1 Bf6 26. Rae1 Kg7 27. h4
Rh8 28. Kg2 Rc7 29. Bf4 Rb8 30. Rb1 Rcc8 31. b4 Na6 32. bxa5 Nc7 33. c4 Ra8 34.
Bd2 Kf8 35. Rb3 Na6 36. Be1 Nc5 37. Rf3 Kg7 38. Bb4 Na6 39. Be1 Nc5 40. Rfe3
Rc7 41. Bb4 Na6 42. Bd2 Kf8 43. Be1 Nc5 44. f3 Bd4 45. Ra3 Kg7 46. g4 Rh8 47.
g5 Ra8 48. Raa2 Kf8 49. Bg3 Rxa5 50. f4 Ra8 51. Rad2 Bc3 52. Rc2 Bd4 53. Be1
Rcc8 54. Ra2 Nd3 55. Bd2 Bc5 56. Kf3 Rc7 57. Ke4 Nb4 58. Rb2 Na6 59. f5 Kg7 60.
Bc3+ Kg8 61. Re1 Rf8 62. Rbe2 Ba7 63. Kf3 e5 64. dxe6 fxe6 65. Rxe6 Rxf5+ 66.
Kg2 Rf2+ 67. Kg3 Kf7 68. Be8+ Kf8 69. Bxg6 Kg8 70. Re8+ Rf8 71. Rxf8+ 1-0